| 000 | nam a22 7a 4500 | ||
|---|---|---|---|
| 999 |
_c331315 _d331315 |
||
| 003 | NUST | ||
| 005 | 20170925105124.0 | ||
| 008 | 170925b xxu||||| |||| 00| 0 eng d | ||
| 020 | _a92-64-13435-2 | ||
| 040 | _c0 | ||
| 082 | _a628 OEC | ||
| 245 |
_aEnvironmental Policies for Cities in The 1990s _cOECD |
||
| 260 |
_aParis _bOCDE _c1990 |
||
| 300 | _a92p. | ||
| 500 | _aP.B | ||
| 942 |
_2ddc _cBK _kIESE |
||